Human resource management in the Society of Jesus : (Record no. 22975)

MARC details
000 -LEADER
fixed length control field 00431cam a2200157 i 4500
020 ## - INTERNATIONAL STANDARD BOOK NUMBER
ISBN 9788184656039
020 ## - INTERNATIONAL STANDARD BOOK NUMBER
ISBN 8184656033
082 04 - DEWEY DECIMAL CLASSIFICATION NUMBER
Classification number 271.530
Author Cutter EZH
100 1# - MAIN ENTRY--AUTHOR NAME
Author name Ezhakunnel, Francis,
245 10 - TITLE STATEMENT
Title Human resource management in the Society of Jesus :
260 ## - PUBLICATION, DISTRIBUTION, ETC. (IMPRINT)
Place of publication Delhi
Name of publisher ISPCK
Year of publication 2017
300 ## - PHYSICAL DESCRIPTION
Number of Pages x, 198 pages :
Other physical details illustrations (black and white) ;
650 #0 - SUBJECT ADDED ENTRY--TOPICAL TERM
Topical Term Church personnel management.
942 ## - ADDED ENTRY ELEMENTS (KOHA)
Koha item type Books
Holdings
Home library Current library Shelving location Date acquired Source of acquisition Cost, normal purchase price Full call number Accession Number Koha item type
Henry Martyn Institute Library Henry Martyn Institute Library General stacks 06/12/2020 ISPCK 225.00 271.530 EZH 11-4435 Books
Henry Martyn Institute Library Henry Martyn Institute Library General stacks 06/12/2020 ISPCK 225.00 271.530 EZH 11004434 Books
                   Copyright © 2026 | Henry Martyn Institute | Hyderabad | TS-500052 | INDIA | Implemented by hmi.edu.in
Hit-Count:

Powered by Koha